000 00378nam a2200157Ia 4500
008 230711s9999||||xx |||||||||||||| ||und||
041 _aENG
082 _a720
_bMI-H
100 _aMills Edward D
245 0 _aDesign for holidays and tourism
250 _a1st
260 _c1983
_aNew Delhi
_bButterworth-Heinemann Ltd
300 _a150
650 _aArchitecture
942 _cBK
999 _c2200
_d2200